000 00467pab a2200169 454500
008 180718b2017 xxu||||| |||| 00| 0 eng d
100 _aSrivastava, Ravi
245 _aDeciphering growth and development: past and present
260 _c2017
300 _ap.32-43.
362 _a31 Oct
650 _aEconomic growth - India - Uttar Pradesh
650 _aEconomic growth
700 _aRanjan, Rahul
773 _aEconomic and Political Weekly
909 _a113400
999 _c113395
_d113395